Синдром Феникса: роман

Bibliographic Details
Main Author: Слаповский А. И. Алексей Иванович
Summary:Мифическая птица Феникс, сгорая, воскресает такой же. Герой новой книги Алексея Слаповского, регулярно теряя память, каждый раз становится иным и никак не может понять, кто он — настоящий. Хорошо, если богатый и добрый, а ну как бедный и злой? Да еще, упаси бог, вор или бандит? Слишком много задатков обнаружилось — и все разные. С одного бока посмотришь — белое крыло. С другого — чертово копыто... Мучается герой, волнуется приютившая его Татьяна, жительница города Чихова, интересуются соседи, служебно и лично (по причине Татьяны) взволнован милиционер Харченко... «Синдром Феникса» — правдивая, веселая и местами страшноватая сказка новейшего времени на тему: те ли мы, кем себя считаем и за кого себя выдаем? Не обманываем ли сами себя? А кем оказался герой конкретной истории — об этом в книге.
Language:Russian
Published: Москва, Эксмо, 2007
Series:Современная проза
Subjects:
Format: MixedMaterials Book
KOHA link:https://koha.lib.tpu.ru/cgi-bin/koha/opac-detail.pl?biblionumber=124735

MARC

LEADER 00000nam0a2200000 4500
001 124735
005 20231101215904.0
010 |a 9785699200672 
035 |a (RuTPU)RU\TPU\book\134989 
090 |a 124735 
100 |a 20071107d2007 m y0rusy50 ca 
101 0 |a rus 
102 |a RU 
105 |a y z 000ay 
200 1 |a Синдром Феникса  |e роман  |f А. И. Слаповский 
210 |a Москва  |c Эксмо  |d 2007 
215 |a 352 с. 
225 1 |a Современная проза 
330 |a Мифическая птица Феникс, сгорая, воскресает такой же. Герой новой книги Алексея Слаповского, регулярно теряя память, каждый раз становится иным и никак не может понять, кто он — настоящий. Хорошо, если богатый и добрый, а ну как бедный и злой? Да еще, упаси бог, вор или бандит? Слишком много задатков обнаружилось — и все разные. С одного бока посмотришь — белое крыло. С другого — чертово копыто... Мучается герой, волнуется приютившая его Татьяна, жительница города Чихова, интересуются соседи, служебно и лично (по причине Татьяны) взволнован милиционер Харченко... «Синдром Феникса» — правдивая, веселая и местами страшноватая сказка новейшего времени на тему: те ли мы, кем себя считаем и за кого себя выдаем? Не обманываем ли сами себя? А кем оказался герой конкретной истории — об этом в книге. 
610 1 |a русская литература 
610 1 |a романы 
610 1 |a проза 
675 |a Р2  |v 3 
700 1 |a Слаповский  |b А. И.  |c русский писатель  |c прозаик, драматург  |f 1957-  |g Алексей Иванович  |2 stltpush  |3 (RuTPU)RU\TPU\pers\17230  |4 070  |9 6362 
801 1 |a RU  |b 63413507  |c 20071107  |g PSBO 
801 2 |a RU  |b 63413507  |c 20180828  |g PSBO 
942 |c BK 
959 |a 78/20071106  |d 1  |e 150,81  |f ХФ:1